000 00667nam a2200229Ia 4500
001 1114
003 GE_BSU
008 181216s||||||||xx |||||||||||||| ||und||
040 _cGE_BSU
080 _a54(075.8)
100 _aХаускрофф,К.
245 _aСовременный курс общей химии.
245 _bЗадачник.
245 _cПер. с англ.Хаускрофф,К. Констебл, Э. ред.В.П.Зломанова
260 _aМосква
260 _bМир
260 _c2009
300 _a250стр.
653 _aСовременный курс общей химии
653 _aХимия
942 _cBK
999 _c35265
_d35265